00417nam a2200157Ia 4500008004100000040001900041041001200060082002200072100001800094245004200112260002600154300002000180650002000200651002300220850001600243131103s9999 xx 000 0 und d aLoreto College aEnglish aF/FORbLCBED/8648 aForbes, Colin 4aThe stockholm syndicatecColin Forbes aLondonbCollinsc1981 a321p. c 18 cm. aEnglish fiction aEnglish literature aLCBED/F/FOR